000 00287nam a22001337a 4500
008 170131b xxu||||| |||| 00| 0 eng d
020 _a9780135049983
041 _aeng
080 _a618.2
100 _a2
101 _aINF
245 _aTHE NEIGHBORHOOD
_cGIDDENS, J.F
942 _2udc
_cBK
999 _c4052
_d4052